000 00425nam a2200181Ia 4500
008 210210b1946 xxu||||| |||| 00| 0 eng d
041 _aeng
082 _a822/732
100 _aLOWNDES (Mrs B)
245 _aMerry wives of westminister
260 _aLondon
_bMacmillan & Co. Ltd.
_c1946
650 _awives
650 _awestminister
650 _aof
650 _aMerry
690 _aEnglish Prose
906 _a012916
999 _c131747
_d131747